Gminy sąsiadujące z Wrocławiem - Statystyki

Ogólne statystyki
  • Ten quiz został rozwiązany 46 razy
    29 od ostatniego zresetowania
  • Średni wynik to 5 z 8
Statystyki odpowiedzi
Powiat Gmina % Poprawnych
Kąty Wrocławskie
81%
Siechnice
74%
wrocławski Długołęka
70%
Kobierzyce
59%
trzebnicki Wisznia Mała
56%
Czernica
48%
średzki Miękinia
41%
Oborniki Śląskie
30%
Nie znaleziono quizów pasujących do podanych kryteriów
Rozkład punktacji
Procent ludzi z każdym wynikiem
Percentyl według liczby udzielonych odpowiedzi
Twoja historia wyników
Nie rozwiązałeś tego quizu od ostatniego zresetowania